[Event "ch-LAT 2013"]
[Site "Riga LAT"]
[Date "2013.04.14"]
[Round "2.6"]
[White "Berzinsh,R"]
[Black "Tokranovs,Dmitrijs"]
[Result "0-1"]
[WhiteElo "2411"]
[BlackElo "2110"]

1.e4 d5 2.exd5 Qxd5 3.Nc3 Qd6 4.d4 Nf6 5.Nf3 Bg4 6.h3 Bf5 7.g4 Bg6 8.Ne5 Nbd7
9.Nb5 Qb6 10.Nc4 Qe6+ 11.Ne3 O-O-O 12.Nxa7+ Kb8 13.Nb5 h5 14.g5 Ne4 15.h4 Qc6
16.d5 Qc5 17.Qd4 e5 18.Qxc5 Bxc5 19.Bd3 Nb6 20.f3 Ng3 21.Rh3 e4 22.fxe4 Nxe4
23.Be2 Nxd5 24.Nxd5 Rxd5 25.Bf4 Kc8 26.Rd1 Rxd1+ 27.Bxd1 c6 28.Nc3 Re8 29.Ne2 Bf5
30.Rf3 Bg4 31.Rf1 Bh3  0-1

[Event "7th Agzamov Memorial"]
[Site "Tashkent UZB"]
[Date "2013.04.14"]
[Round "1"]
[White "Dzhumaev,M"]
[Black "Zulfikarov,Mukhirbay"]
[Result "1-0"]
[WhiteElo "2557"]
[BlackElo "2034"]

1.e4 d5 2.exd5 Qxd5 3.Nc3 Qd6 4.d4 Nf6 5.Nf3 c6 6.g3 Bg4 7.Bg2 e6 8.O-O Be7
9.h3 Bh5 10.g4 Bg6 11.Ne5 Nbd7 12.f4 Rd8 13.Be3 O-O 14.Qe2 Nb6 15.Rae1 Nbd5
16.Nxd5 cxd5 17.f5 exf5 18.gxf5 Bh5 19.Ng4 Bxg4 20.hxg4 Ne4 21.Bxe4 dxe4
22.Qg2 Bh4 23.Re2 Rfe8 24.c3 Qg3 25.Qxg3 Bxg3 26.Bf2 Bxf2+ 27.Kxf2 Re7 28.Ke3 f6
29.Rf4 Rde8 30.c4 Kf7 31.Rh2 Kg8 32.c5 a5 33.b3 h6 34.Rc2 Kf7 35.a3 g5 36.fxg6+ Kxg6
37.Rh2 Re6 38.Rh5 Kg7 39.Rhf5 R8e7 40.d5 Re5 41.d6 Re8 42.Rxe5 Rxe5 43.b4 axb4
44.axb4 Kf7 45.Rxe4 Rg5 46.Re7+ Kf8 47.Rxb7 Rxg4 48.c6 Ke8  1-0

[Event "ch-LAT 2013"]
[Site "Riga LAT"]
[Date "2013.04.15"]
[Round "4.3"]
[White "Sveshnikov,V"]
[Black "Tokranovs,Dmitrijs"]
[Result "1-0"]
[WhiteElo "2434"]
[BlackElo "2110"]

1.e4 d5 2.exd5 Qxd5 3.Nc3 Qd6 4.d4 Nf6 5.Nf3 Bg4 6.h3 Bh5 7.Be3 e6 8.g4 Bg6
9.Ne5 c6 10.Bg2 Nbd7 11.Nxg6 hxg6 12.g5 Nd5 13.Nxd5 cxd5 14.O-O Rc8 15.Qe2 Be7
16.Rac1 Qc7 17.c3 Nb6 18.b3 Ba3 19.Rc2 Kf8 20.c4 dxc4 21.bxc4 Bd6 22.Qg4 Nxc4
23.Rb1 Rb8 24.Bc1 b5 25.d5 Qa5 26.dxe6 Qe1+ 27.Bf1 Ne5 28.e7+ Bxe7 29.Rc8+ Bd8
30.Ba3+ b4 31.Rxe1  1-0

[Event "2nd Jan Van Leeuwen Memorial"]
[Site "Ghent BEL"]
[Date "2013.04.16"]
[Round "4.6"]
[White "Vanhauwaert,K"]
[Black "Schick,Jonathan"]
[Result "0-1"]
[WhiteElo "1849"]
[BlackElo "1656"]

1.e4 d5 2.exd5 Qxd5 3.Nc3 Qd6 4.d4 Nf6 5.Bc4 c6 6.h3 e6 7.Nf3 b5 8.Bd3 Be7
9.O-O Bb7 10.Ne2 Nh5 11.c3 a6 12.Ng5 Bxg5 13.Bxg5 Nd7 14.Be4 h6 15.Be3 g5
16.Bf3 Ng7 17.Ng3 O-O-O 18.Ne4 Qe7 19.b4 f5 20.Nc5 Ne5 21.Be2 h5 22.f4 gxf4
23.Bxf4 Ng6 24.Bh2 e5 25.a4 exd4 26.cxd4 Qe3+ 27.Kh1 Rxd4 28.Bg1 Rxd1 29.Bxe3 Rxa1
30.Rxa1 Re8 31.Bh6 Rxe2 32.Bxg7 Nh4 33.Rg1 f4 34.Bf6 Nf5 35.Rd1 Ng3+ 36.Kg1 Ba8
37.Bh4 Nf5 38.Rd8+ Kc7 39.Rd7+ Kc8 40.Bf2 bxa4 41.Ra7 Rb2 42.Rxa8+ Kc7 43.Nxa6+ Kd6
44.Kf1 a3 45.Nc5 a2 46.Be1 Ne3+ 47.Kg1 Rxg2+ 48.Kh1 f3 49.Ne4+ Kc7 50.Nf2 Nf5
51.Ne4 Re2 52.Bg3+ Kb7 53.Ra3 Nxg3+ 54.Nxg3 Re1+ 55.Kh2 a1=Q 56.Rxa1 Rxa1
57.Nh1 h4 58.Nf2 Kb6 59.Ne4 Kb5 60.Nf2 Kxb4 61.Nd3+ Kb5 62.Nf2 c5 63.Nd3 c4
64.Nf2 c3 65.Nd1 Ra2+ 66.Kh1 c2 67.Nc3+ Kb4 68.Nxa2+ Kb3 69.Nc1+ Kc3 70.Kg1 Kd2
71.Nb3+ Ke2 72.Nc1+ Ke1 73.Nd3+ Kd2 74.Kf2 Kxd3 75.Kxf3 c1=Q 76.Kg4 Qg1+
77.Kxh4 Ke3 78.Kh5 Kf4 79.h4 Kf5  0-1

[Event "ch-POL w 2013"]
[Site "Chorzow POL"]
[Date "2013.04.17"]
[Round "5.3"]
[White "Gasik,An"]
[Black "Rajlich,I"]
[Result "0-1"]
[WhiteElo "2238"]
[BlackElo "2406"]

1.e4 d5 2.exd5 Qxd5 3.Nc3 Qd6 4.d4 Nf6 5.Nge2 c6 6.Bf4 Qd8 7.Ng3 g6 8.Qd2 Bg7
9.Be2 Be6 10.Rd1 Nd5 11.Nxd5 cxd5 12.c3 h5 13.Be5 Bxe5 14.dxe5 Nc6 15.Bf3 h4
16.Ne2 h3 17.Nf4 hxg2 18.Bxg2 Qc7 19.Nxd5 Bxd5 20.Qxd5 Nxe5 21.Qb5+ Nc6 22.h3 Rh5
23.Rd5 Rxd5 24.Qxd5 Rd8 25.Qe4 Qb6 26.Qe2 Rd6 27.O-O Kf8 28.Bxc6 bxc6 29.Qe5 Rf6
30.b3 Kg7 31.Qxe7 Qa5 32.Qe3 Qxa2 33.b4 Qd5 34.Qd4 Qf3 35.Qe3 Qxe3 36.fxe3 Rxf1+
37.Kxf1 Kf6 38.Ke2 Ke5 39.Kf3 c5 40.e4 cxb4 41.cxb4 Kd4 42.Kf4 f6 43.h4 a6  0-1

[Event "ch-LAT 2013"]
[Site "Riga LAT"]
[Date "2013.04.17"]
[Round "6.8"]
[White "Kalnins,K"]
[Black "Tokranovs,Dmitrijs"]
[Result "0-1"]
[WhiteElo "2280"]
[BlackElo "2110"]

1.e4 d5 2.exd5 Qxd5 3.Nc3 Qd6 4.d4 Nf6 5.Nf3 Bg4 6.h3 Bh5 7.g4 Bg6 8.Ne5 Nbd7
9.f4 e6 10.Bg2 Qa6 11.Qf3 O-O-O 12.Bf1 Qb6 13.Nc4 Qb4 14.a3 Qe7 15.Bg2 c6
16.O-O Nb6 17.Ne5 Qc7 18.Nxg6 hxg6 19.Ne2 Kb8 20.a4 a5 21.b3 c5 22.Be3 Nfd5
23.Bf2 c4 24.bxc4 Nxc4 25.Rfd1 Bd6 26.Rab1 Rd7 27.Rb5 Na3 28.Rb3 Qc4 29.Nc3 Nxc2
30.Nxd5 exd5 31.Bf1 Qc8 32.Qxd5 Qc7 33.Bb5 Nb4 34.Rxb4 axb4 35.Bxd7 Qxd7
36.Kg2 Rc8 37.Qe4 Qxa4 38.Rb1 Qc2 39.Qxc2 Rxc2 40.Kf3 Kc7 41.Be1 Rc4 42.Ke3 Kc6
43.Ra1 Rc2 44.f5 gxf5 45.gxf5 b3 46.Bd2 Bf4+ 47.Kxf4 Rxd2 48.Ke3 b2 49.Rb1 Rh2
50.Ke4 Kd6 51.Kf4 Kd5 52.Kg3 Rd2 53.f6 g6  0-1

[Event "7th Agzamov Memorial"]
[Site "Tashkent UZB"]
[Date "2013.04.17"]
[Round "4"]
[White "Yeo,M"]
[Black "Vakhidov,J"]
[Result "0-1"]
[WhiteElo "2155"]
[BlackElo "2386"]

1.e4 d5 2.exd5 Qxd5 3.Nc3 Qd6 4.d4 Nf6 5.Nf3 g6 6.Nb5 Qd8 7.c4 Bg7 8.Bf4 Na6
9.Be2 O-O 10.O-O c6 11.Nc3 Bf5 12.h3 Ne4 13.Qb3 Qc8 14.Rfe1 Re8 15.Bf1 Nxc3
16.bxc3 Nc7 17.Rad1 Ne6 18.Bh2 Nf8 19.Qa3 c5 20.dxc5 Bd7 21.Nd4 Bc6 22.Be2 Ne6
23.Bg4 Bd7  0-1

[Event "ch-SRB 2013"]
[Site "Vrnjacka Banja SRB"]
[Date "2013.04.17"]
[Round "3.4"]
[White "Perunovic,Mio"]
[Black "Savic,Miod1"]
[Result "1-0"]
[WhiteElo "2434"]
[BlackElo "2539"]

1.e4 d5 2.exd5 Qxd5 3.Nc3 Qd6 4.d4 Nf6 5.Nf3 c6 6.Ne5 Nbd7 7.Nc4 Qc7 8.Qf3 Nb6
9.Bf4 Qd8 10.Be5 Be6 11.Ne3 Nfd7 12.Bf4 Nf6 13.Be5 Nfd7 14.Bg3 g6 15.O-O-O Bh6
16.Kb1 Nf6 17.d5 cxd5 18.Bb5+ Kf8 19.h4 a6 20.Be2 Bg7 21.Be5 h5 22.Qg3 Rc8
23.f4 Nbd7 24.Bd4 Qc7 25.Bf3 Bg4 26.Bxg4 hxg4 27.Nexd5 Nxd5 28.Bxg7+ Kxg7
29.Rxd5 Nf6 30.Re5 e6 31.Qf2 Rhd8 32.a3 Qc4 33.Rg5 Qd4 34.Qe1 Qd2 35.Qe5 Qxg2
36.Re1 Rh8 37.Ne4 Qxc2+ 38.Ka1 Rhd8 39.Qxf6+ Kg8 40.Nc3 Rd2 41.Rb1 Rh2 42.Qe5 Rc4
43.h5 Rxh5 44.Rd1 Rc8 45.Rxh5 gxh5 46.Qxh5 Qf5 47.Qh4 Qg6 48.Rh1 Kg7 49.Ne4 f6
50.Nxf6 Qxf6 51.Qh7+ Kf8 52.Qh8+ Qxh8 53.Rxh8+ Kf7 54.Rxc8 Kf6 55.Kb1 Kf5
56.Kc2 Kxf4 57.Kd2 e5 58.Ke2 b5 59.Ra8  1-0

[Event "ch-LAT 2013"]
[Site "Riga LAT"]
[Date "2013.04.18"]
[Round "7.5"]
[White "Antoms,G"]
[Black "Tokranovs,Dmitrijs"]
[Result "1/2-1/2"]
[WhiteElo "2376"]
[BlackElo "2110"]

1.e4 d5 2.exd5 Qxd5 3.Nc3 Qd6 4.d4 Nf6 5.Nf3 Bg4 6.h3 Bh5 7.Be3 e6 8.g4 Bg6
9.Bg2 Nbd7 10.Ne5 c6 11.Qe2 O-O-O 12.O-O-O Qc7 13.h4 h5 14.g5 Nxe5 15.dxe5 Nd5
16.Nxd5 cxd5 17.Bd4 Kb8 18.Rh3 Qd7 19.Rb3 Rc8 20.Rd2 Bc5 21.Qe3 Bxd4 22.Qxd4 Rc6
23.Bf1 Rhc8 24.c3 Qc7 25.Be2 Rc5 26.Kd1 Qc6 27.Qf4 Ra5 28.a3 Rc5 29.Rd4  1/2-1/2

[Event "7th Agzamov Memorial"]
[Site "Tashkent UZB"]
[Date "2013.04.19"]
[Round "6"]
[White "Filippov,An UZB"]
[Black "Vakhidov,J"]
[Result "1-0"]
[WhiteElo "2652"]
[BlackElo "2386"]

1.e4 d5 2.exd5 Qxd5 3.Nc3 Qd6 4.d4 Nf6 5.Nf3 c6 6.Ne5 Nbd7 7.Nc4 Qc7 8.Qf3 Nb6
9.Bf4 Qd7 10.h3 Nxc4 11.Bxc4 Qxd4 12.Bb3 e6 13.Rd1 Qb6 14.O-O Be7 15.Ne4 Nxe4
16.Qxe4 O-O 17.Be5 Rd8 18.Qg4 Bf8 19.Rfe1 Rd7 20.Re3 Qb4 21.c4 Qe7 22.Red3 b6
23.Bc2 Rxd3 24.Rxd3 Ba6 25.Bd6 Qf6 26.Qe4 Qxb2 27.Bxf8 Kxf8  1-0

[Event "TCh-AUT 2 Mitte 2012-13"]
[Site "Fuerstenfeld AUT"]
[Date "2013.04.20"]
[Round "10.6"]
[White "Neubauer,Ant"]
[Black "Hatzl,J"]
[Result "1/2-1/2"]
[WhiteElo "1917"]
[BlackElo "2125"]

1.e4 d5 2.exd5 Qxd5 3.Nc3 Qd6 4.d4 Nf6 5.Nf3 c6 6.Ne5 e6 7.Bf4 Qb4 8.Nc4 Nd5
9.a3 Nxc3 10.axb4 Nxd1 11.Nb6 Nxb2 12.c3 e5 13.dxe5 c5 14.Nxa8 cxb4 15.Nc7+ Kd8
16.Nd5 bxc3 17.Rxa7 Bc5 18.Ra8 Nc6 19.Be2 Nd4 20.Bg5+ Kd7 21.Nxc3 Nxe2 22.Kxe2 Re8
23.Bf4 Kc6 24.f3 f6 25.Ne4 Nc4 26.Rc1 b5 27.Nxc5 Kxc5 28.Kf2 fxe5 29.Be3+ Kc6
30.h4 Bd7 31.Ra6+ Kb7 32.Ra7+ Kc6 33.Ra6+ Kb7 34.Ra7+ Kc6 35.Rca1 Nxe3 36.Kxe3 Bf5
37.g4 Be6 38.Rxg7 b4 39.Raa7 b3 40.Rgc7+ Kb5 41.Kd3 Bd5 42.Re7 Rd8 43.Kc3 Bxf3
44.Rxe5+ Kb6 45.Rxh7 Bxg4 46.Rh6+ Kc7 47.Re7+ Rd7 48.Rxd7+ Kxd7 49.Kxb3 Ke7
50.Rg6 Bd1+ 51.Kc3 Kf7 52.Rg5 Kf6 53.Kd4 Bb3 54.Ke4 Bc2+ 55.Kf4 Bd1 56.h5 Bc2
57.Rb5 Kg7 58.Kg5 Bh7 59.Rb7+ Kh8 60.h6 Bd3 61.Rd7 Bc2 62.Rg7 Bd3 63.Kf6 Bc2
64.Rc7 Bd3 65.Rc8+ Kh7 66.Kg5 Be4 67.Re8 Bd3 68.Re3 Bc2 69.Rg3 Be4 70.Kf6 Bc2
71.Rg7+ Kh8 72.Rc7 Bd3 73.Rg7 Bc2 74.Kf7 Bb3+ 75.Kf8 Bc2 76.Rg2 Be4 77.Rg4 Bc2
78.h7 Bxh7 79.Rh4  1/2-1/2

[Event "ch-LAT 2013"]
[Site "Riga LAT"]
[Date "2013.04.20"]
[Round "9.8"]
[White "Lavendelis,E"]
[Black "Tokranovs,Dmitrijs"]
[Result "1-0"]
[WhiteElo "2337"]
[BlackElo "2110"]

1.e4 d5 2.exd5 Qxd5 3.Nc3 Qd6 4.d4 Nf6 5.Nf3 Bg4 6.h3 Bh5 7.Be3 e6 8.g4 Bg6
9.Ne5 c6 10.Qf3 Nbd7 11.Nxg6 hxg6 12.O-O-O Qc7 13.g5 Nd5 14.Ne4 Be7 15.Bd2 c5
16.dxc5 Nxc5 17.Bb5+ Kf8 18.Nxc5 Qxc5 19.Bd3 Rc8 20.h4 Nb4 21.Bxb4 Qxb4 22.Bxg6 f5
23.Bxf5 Rc4 24.Be4+ Kg8 25.g6 Bf6 26.Rd8+ Qf8 27.Rxf8+ Kxf8 28.h5 Ke7 29.Qa3+ Kd7
30.Rd1+ Kc7 31.Qd6+  1-0

[Event "48th Capablanca Open I 2013"]
[Site "Havana CUB"]
[Date "2013.04.21"]
[Round "1.37"]
[White "Soto Hernandez,H"]
[Black "Infante,B"]
[Result "1/2-1/2"]
[WhiteElo "2383"]
[BlackElo "2177"]

1.e4 d5 2.exd5 Qxd5 3.Nc3 Qd6 4.d4 Nf6 5.Nf3 a6 6.Ne5 Nc6 7.Nxc6 Qxc6 8.Bf4 Bg4
9.f3 Bf5 10.Bd3 Bxd3 11.Qxd3 e6 12.O-O-O O-O-O 13.Ne4 Be7 14.Kb1 Rd7 15.c3 Rhd8
16.Nxf6 Bxf6 17.Qxh7 g6 18.Qh3 Rh8 19.Qg4 Qd5 20.Bg3 Rh5 21.Qe4 Qc4 22.Qc2 Ra5
23.b3 Qc6 24.Rhe1 Rad5 25.Bf2 b5 26.Bg3 Qb6 27.b4 Qc6 28.Rd2 Qc4 29.Be5 Bg5
30.Rde2 Bh4 31.Bg3 Bf6 32.Be5 Bh4 33.g3 Be7 34.h4 a5 35.a3 a4 36.Bf4 Bf6
37.Re3 Qc6 38.Qd3 Rf5 39.Qe4 Rfd5 40.Qd3 Rf5 41.Re4 Qd5 42.Qc2 Qc6 43.g4 Rfd5
44.g5 Bg7 45.Kb2 Qc4 46.Kb1 Rf5 47.Kb2 Qd5 48.Be5 Bxe5 49.Rxe5 Qxf3 50.R1e3 Qf1
51.Re1 Qf4 52.R1e4  1/2-1/2

[Event "7th Agzamov Memorial"]
[Site "Tashkent UZB"]
[Date "2013.04.21"]
[Round "8"]
[White "Zubarev,Al1"]
[Black "Vakhidov,J"]
[Result "0-1"]
[WhiteElo "2568"]
[BlackElo "2386"]

1.e4 d5 2.exd5 Qxd5 3.Nc3 Qd6 4.d4 Nf6 5.Nf3 g6 6.Nb5 Qd8 7.c4 c6 8.Nc3 Bg4
9.Be2 Bg7 10.O-O O-O 11.h3 Bxf3 12.Bxf3 Ne8 13.d5 Nd6 14.Qb3 Nd7 15.Bf4 Nf5
16.Ne2 cxd5 17.cxd5 Nd6 18.Rac1 Ne5 19.Rc2 Rc8 20.Rxc8 Qxc8 21.Rc1 Qd7 22.Nd4 Rc8
23.Rd1 Nxf3+ 24.Nxf3 Nc4 25.Bc1 b6 26.Qb4 a5 27.Qb3 b5 28.Nd4 Rc5 29.Nc6 a4
30.Qf3 Nxb2 31.Re1 e6 32.Qa3 Rc2  0-1

[Event "48th Capablanca Open I 2013"]
[Site "Havana CUB"]
[Date "2013.04.23"]
[Round "3.48"]
[White "Cruz de la Osa,R"]
[Black "Perera Alfonso,R"]
[Result "1/2-1/2"]
[WhiteElo "2223"]
[BlackElo "2301"]

1.e4 d5 2.exd5 Qxd5 3.Nc3 Qd6 4.d4 Nf6 5.Bd3 c6 6.Nge2 Bg4 7.f3 Bh5 8.Bf4 Qd8
9.Qd2 e6 10.Ne4 Nxe4 11.Bxe4 Nd7 12.Bd3 Bg6 13.O-O-O Be7 14.Kb1 Nb6 15.Be5 Bxd3
16.Qxd3 O-O 17.h4 Rc8 18.c4 Qd7 19.Qc2 Rfd8 20.Ng3 Bf8 21.Nh5 Qe7 22.Rh3 f6
23.Bg3 c5 24.d5 exd5 25.Re1 Qf7 26.Nf4 Nxc4 27.h5 h6 28.Bh4 Re8 29.Rc1 Ne3
30.Qa4 d4 31.Rg3 c4 32.Rg6 d3 33.Be1 c3 34.Rxc3 Nd5 35.Bd2 Nxf4 36.Qxf4 Rxc3
37.Bxc3 Qd7 38.Rg4 Re2 39.Qc4+ Qe6 40.Qxd3 a6 41.a4 Re3 42.Qc4 Kf7 43.Ka2 b5
44.Qxe6+ Kxe6 45.axb5 axb5 46.Re4+ Rxe4 47.fxe4 f5 48.exf5+ Kxf5 49.Kb3 Bd6
50.Bxg7 Kg5 51.Kc3 Kxh5 52.Kd4 Kg5 53.Kd5 Be7 54.Kc6 b4 55.Kd5 h5 56.Ke4 Kg4
57.Be5 h4 58.b3 Bg5 59.Bd6 Bd2 60.Bc7 Bc3 61.Bd6 Be1 62.Bf4 Bg3 63.Bd2 Bd6
64.Be1 Be7 65.Ke5  1/2-1/2

[Event "15th Ajuinentornooi 2013"]
[Site "Aalst BEL"]
[Date "2013.04.24"]
[Round "2.10"]
[White "De Smet,F"]
[Black "Spaens,K"]
[Result "1/2-1/2"]
[WhiteElo "1850"]
[BlackElo "1940"]

1.e4 d5 2.exd5 Qxd5 3.Nc3 Qd6 4.d4 Nf6 5.Bd3 a6 6.Nge2 Nc6 7.Bf4 Qd8 8.O-O Bg4
9.Qd2 e6 10.Rfe1 Bb4 11.a3 Ba5 12.Bc4 O-O 13.b4 Bb6 14.d5 Bxe2 15.Rxe2 Nd4
16.Re5 Ng4 17.Rg5 e5 18.Rxg4 exf4 19.Rxf4 Ne6 20.Re4 Qg5 21.Qxg5 Nxg5 22.Re5 Bd4
23.Rxg5 Bxc3 24.Rd1 b5 25.Ba2 a5 26.d6 cxd6 27.Rxb5 axb4 28.Rbd5 Be5 29.a4 Rxa4
30.Bb3 Ra6 31.g3 g5 32.Rb5 h6 33.Rxb4 Ra1 34.Rxa1 Bxa1 35.f4 Kg7 36.fxg5 hxg5
37.Rb7 Kg6  1/2-1/2

[Event "48th Capablanca Open II 2013"]
[Site "Havana CUB"]
[Date "2013.04.24"]
[Round "4.32"]
[White "Ben Artiles,Laura"]
[Black "Gonzalez,Ge"]
[Result "0-1"]
[WhiteElo "2019"]
[BlackElo "2146"]

1.e4 d5 2.exd5 Qxd5 3.Nc3 Qd6 4.d4 Nf6 5.Nf3 c6 6.g3 Bg4 7.Bg2 e6 8.Bf4 Qd8
9.O-O Bd6 10.Qd2 Bxf3 11.Bxf3 O-O 12.Rad1 Qc7 13.Bxd6 Qxd6 14.Ne4 Nxe4 15.Bxe4 Nd7
16.c4 Rfd8 17.Qc2 Nf6 18.Bf3 Rd7 19.Qb3 Rad8 20.Rfe1 h6 21.Re3 Qc7 22.Red3 Qa5
23.c5 a6 24.Qc4 Nd5 25.Ra3 Qc7 26.Rad3 Nf6 27.Kg2 Re8 28.b4 Red8 29.R1d2 g6
30.a4 Nd5 31.b5 axb5 32.axb5 Ra8 33.Rb2 Qa5 34.Bxd5 Rxd5 35.bxc6 bxc6 36.Rb6 Qe1
37.Re3 Qd1 38.Rd3 Qe2 39.Qc3 Qe4+ 40.Kg1 e5 41.Rb4 Ra2 42.Re3 exd4 43.Qe1 dxe3
44.Rxe4 exf2+ 45.Qxf2 Rxf2 46.Kxf2 Rxc5 47.Ke3 Rd5 48.Rc4 Rd6 49.Ke4 Kf8
50.g4 Ke7 51.Rc5 Re6+ 52.Kd4 Kd6 53.Ra5 Rf6 54.Ke4 Rf2 55.h4 Rh2 56.h5 Rh4
57.Kf3 gxh5 58.gxh5 f6 59.Rf5 Ke6 60.Rc5 Kd6 61.Rf5 Ke7 62.Rc5 Rh1 63.Kg4 Rg1+
64.Kh4 Kd6 65.Rf5 Re1 66.Rxf6+ Re6 67.Rf8 c5 68.Rd8+ Ke5 69.Kg4 Rf6 70.Rg8 c4
71.Rd8 Ke4 72.Kh4 c3 73.Rc8 Kd3 74.Kg3 c2 75.Rd8+ Ke2 76.Rc8 Kd2 77.Rd8+ Kc1
78.Kg2 Rb6  0-1

[Event "Maharashtra Chess League 2013"]
[Site "Pune IND"]
[Date "2013.04.26"]
[Round "4"]
[White "Udeshi,A"]
[Black "Mithil,A"]
[Result "1-0"]
[WhiteElo "2416"]
[BlackElo "2207"]

1.e4 d5 2.exd5 Qxd5 3.Nc3 Qd8 4.Nf3 Nf6 5.Bc4 e6 6.d4 Be7 7.O-O O-O 8.Qe2 b6
9.Bf4 Bb7 10.Rad1 Nd5 11.Nxd5 Bxd5 12.Bd3 Nd7 13.c4 Bb7 14.Bb1 Re8 15.Ne5 Nxe5
16.dxe5 Qc8 17.Qg4 c5 18.Rd3 Qc6 19.Rg3 Bf8 20.Bh6 g6 21.Bxf8 Rxf8 22.h4 Rad8
23.h5 Rd4 24.Qg5 Qe8 25.Qf6 Qd8 26.hxg6 Qxf6 27.gxh7+ Kh8 28.exf6 Be4 29.Bxe4 Rxe4
30.f4 Rxc4 31.Rg7 Rd4 32.Rf3 b5 33.Rfg3 Rdd8 34.Kf2 c4 35.Ke2 a6 36.R3g5 Rc8
37.Ke3 Rcd8 38.g4 Rc8 39.Kd4 Rfd8+ 40.Kc3 Rf8 41.Kb4 Rcd8 42.Ka5 Ra8 43.a3 Rad8
44.Rg8+ Rxg8 45.hxg8=Q+ Rxg8 46.Rh5+  1-0

[Event "48th Capablanca Open II 2013"]
[Site "Havana CUB"]
[Date "2013.04.27"]
[Round "6.28"]
[White "Gutierrez Espinosa,Karen"]
[Black "Gonzalez,Ge"]
[Result "0-1"]
[WhiteElo "2007"]
[BlackElo "2146"]

1.e4 d5 2.exd5 Qxd5 3.Nc3 Qd6 4.Nf3 Nf6 5.d4 c6 6.h3 Bf5 7.Bd3 Bxd3 8.Qxd3 Nbd7
9.O-O e6 10.Ne2 Qc7 11.Bf4 Bd6 12.Bxd6 Qxd6 13.Ng3 O-O 14.Rfe1 Rfd8 15.c3 h6
16.Rad1 Rac8 17.Qc2 c5 18.dxc5 Qxc5 19.Nd4 Nf8 20.Ne4 Nxe4 21.Qxe4 Qb6 22.Rd2 Rd5
23.Red1 Rcd8 24.Qe2 Ng6 25.Qc4 e5 26.Nf3 Rxd2 27.Rxd2 Rxd2 28.Nxd2 Qxb2 29.Ne4 Qc1+
30.Kh2 Qf4+ 31.Kh1 Qf5 32.Qd5 b6 33.Nd6 Qd7 34.c4 Qe7 35.Qc6 Kh7 36.Nc8 Qa3
37.Qc7 Qxa2 38.Qxf7 a5 39.Nd6 e4 40.Kh2 Qb2 41.Nxe4 a4 42.f4 a3 43.f5 Qe5+
44.Kg1 Nh8 45.Qa7 Qxe4 46.Qxa3 Qxc4 47.Qf3 Nf7 48.f6 Qd4+ 49.Kh1 Qxf6 50.Qe4+ g6
51.Qb7 Kg7 52.Qd5 Qa1+  0-1

[Event "Maharashtra Chess League 2013"]
[Site "Pune IND"]
[Date "2013.04.28"]
[Round "9"]
[White "Narayanan,Sri"]
[Black "Akshayraj,K"]
[Result "1/2-1/2"]
[WhiteElo "2440"]
[BlackElo "2512"]

1.e4 d5 2.exd5 Qxd5 3.Nc3 Qd6 4.d4 Nf6 5.Nf3 g6 6.Ne5 Bg7 7.Nb5 Qd8 8.Bc4 O-O
9.O-O c6 10.Nc3 Nbd7 11.a4 Qa5 12.Qe2 Nxe5 13.dxe5 Nd5 14.Bd2 Qc5 15.Rfe1 Be6
16.Bd3 a5 17.Ne4 Qd4 18.Ng5 Bg4 19.Qe4 Qxe4 20.Bxe4 h6 21.Nf3 Rfd8 22.c3 Nb6
23.Bf4 Nc4 24.b3 Nb6 25.h3 Bf5 26.Bxf5 gxf5 27.Rad1 Nd5 28.Bd2 e6 29.g4 Ne7
30.Be3 Nd5 31.Bd2 Ne7 32.Be3 fxg4 33.hxg4 Nd5 34.Bd2 b5 35.Ra1 Bf8 36.Kg2 b4
37.c4 Nc3 38.Rac1 Rd3 39.Rc2 Rad8 40.Re3 Nb1 41.Bc1 Rd1 42.c5 Nc3 43.Nd2 Rd4
44.Nc4 Rxg4+ 45.Rg3 Rxg3+ 46.fxg3 Ne4 47.Nxa5 Nxc5 48.Be3 Nd3 49.Rxc6 Nxe5
50.Rc8 Kg7 51.Bxh6+ Kxh6 52.Rxf8 Rd2+ 53.Kf1 Kg5 54.Rg8+ Kf5 55.Rh8 Ke4 56.Rh4+ Kf3
57.Ke1 Rd5 58.Nc4 Kxg3 59.Re4 Nd3+ 60.Kf1 Kf3 61.Re3+ Kf4 62.Ke2 Nc1+ 63.Kf2 Nd3+
64.Ke2 Nc1+ 65.Kf2 Rd3 66.Re1 Nxb3 67.Ke2 Rc3 68.Rf1+ Ke4 69.Nd6+ Kd5 70.Nxf7 Nd4+
71.Kd2 Rc2+ 72.Kd3 Rc3+ 73.Kd2 Nf3+ 74.Ke2 Nd4+ 75.Kd2 Rc2+ 76.Kd3 e5 77.Ng5 Re2
78.Rf8 Rg2 79.Rd8+ Kc6 80.Nf7 Kc7 81.Rh8 Nc6 82.Rh7 Rg3+ 83.Kc4 Kb6 84.Nd6 Rc3+
85.Kd5 Rd3+ 86.Ke6 Kc5 87.Ne4+ Kd4 88.Rh4 Ke3 89.Nc5 Rc3 90.Kd5 Ne7+ 91.Kxe5 Rxc5+
92.Kd6 Rc6+ 93.Kxe7 Rb6 94.a5 Rb5 95.a6 b3  1/2-1/2

[Event "ch-FRA Junior 2013"]
[Site "Saint-Paul-Trois-Chateaux FRA"]
[Date "2013.04.28"]
[Round "1.4"]
[White "Dionisi,T"]
[Black "Armas,Le"]
[Result "1/2-1/2"]
[WhiteElo "2276"]
[BlackElo "1903"]

1.e4 d5 2.exd5 Qxd5 3.Nc3 Qd6 4.d4 Nf6 5.Nf3 a6 6.g3 Nc6 7.Bg2 Bg4 8.O-O O-O-O
9.h3 Bh5 10.Be3 e5 11.dxe5 Nxe5 12.Qe2 Nxf3+ 13.Bxf3 Bxf3 14.Qxf3 Qe6 15.Bg5 Qxh3
16.Ne4 Ng4 17.Rfd1 Re8 18.Rd4 Qh2+ 19.Kf1 Qh3+ 20.Kg1 Qh2+ 21.Kf1 Qh3+ 22.Kg1  1/2-1/2

[Event "45th Italian Teams 2013"]
[Site "Bratto ITA"]
[Date "2013.04.29"]
[Round "4"]
[White "De Eccher,S"]
[Black "Della Corte,A"]
[Result "1-0"]
[WhiteElo "2241"]
[BlackElo "2261"]

1.e4 d5 2.exd5 Qxd5 3.Nc3 Qd6 4.g3 Nf6 5.Bg2 c6 6.Nge2 Bg4 7.h3 Bh5 8.O-O e6
9.d3 Nbd7 10.Bf4 Qb4 11.Rb1 Be7 12.a3 Qb6 13.b4 Nd5 14.Bd2 O-O 15.Qe1 Rfe8
16.Nf4 Nxf4 17.Bxf4 e5 18.Be3 Qc7 19.Qd2 Bg6 20.a4 a5 21.bxa5 Rxa5 22.f4 exf4
23.Bxf4 Bd6 24.Bxd6 Qxd6 25.Nb5 Qxg3 26.Rf3 Rxb5 27.axb5 Qd6 28.bxc6 bxc6
29.Re1 Qc5+ 30.Rf2 Rxe1+ 31.Qxe1 h6 32.Qe8+ Nf8 33.Qxc6 Qe3 34.Qa8 Bf5 35.Qf3  1-0

[Event "48th Capablanca Open II 2013"]
[Site "Havana CUB"]
[Date "2013.04.29"]
[Round "8.11"]
[White "Soria,K"]
[Black "Gonzalez,Ge"]
[Result "1-0"]
[WhiteElo "2233"]
[BlackElo "2146"]

1.e4 d5 2.exd5 Qxd5 3.Nc3 Qd6 4.d4 Nf6 5.Nf3 c6 6.Be3 Bg4 7.h3 Bxf3 8.Qxf3 e6
9.O-O-O Qc7 10.g4 Bd6 11.Kb1 Nd5 12.Nxd5 cxd5 13.c4 dxc4 14.Rc1 Qc6 15.Bg2 Qxf3
16.Bxf3 Nc6 17.Rxc4 Kd7 18.Rhc1 Rhc8 19.d5 exd5 20.Bxd5 Nd8 21.Rxc8 Rxc8
22.Rxc8 Kxc8 23.Bxa7 Kc7 24.Bd4 f6 25.Kc2 Nc6 26.Bxc6 Kxc6 27.Kd3 Kd5 28.a4 Be7
29.f4 h6 30.f5 Bd6 31.Bc3 Be7 32.b3 Bc5 33.b4 Bd6 34.a5 Be7 35.b5 Kc5 36.a6  1-0

[Event "ch-FRA Junior 2013"]
[Site "Saint-Paul-Trois-Chateaux FRA"]
[Date "2013.04.30"]
[Round "4.7"]
[White "Ollier,M"]
[Black "Samoun,F"]
[Result "1/2-1/2"]
[WhiteElo "2155"]
[BlackElo "2166"]

1.e4 d5 2.exd5 Qxd5 3.Nc3 Qd6 4.d4 Nf6 5.Nge2 Bf5 6.Bf4 Qd7 7.d5 e6 8.dxe6 Qxe6
9.Nb5 Na6 10.Nd4 Qd5 11.Ng3 Bg6 12.Bb5+ c6 13.Qe2+ Be7 14.Nxc6 bxc6 15.Bxa6 O-O
16.O-O Rae8 17.Bc4 Qa5 18.Bd3 Ba3 19.Qf3 Bxb2 20.Rab1 Be5 21.Bxe5 Rxe5 22.Qxc6 Bxd3
23.cxd3 Qxa2 24.Ra1 Qd5 25.Qxd5 Rxd5 26.Ne4 Nxe4 27.dxe4 Rd7 28.Ra6 Re8 29.f3 Rc8
30.Rfa1 Rcc7 31.h4 h6 32.Kh2 Kf8 33.Kg3 Ke7 34.Kf4 Kd8 35.g4 Kc8 36.g5 hxg5+
37.hxg5 Kb8 38.g6 fxg6 39.Rxg6 Rf7+ 40.Kg4 Rc2 41.Rb1+ Kc8 42.Rg1 Rf2 43.Rg3 Kb7
44.Rg5 Kc6 45.Rf5 Rb7 46.Kf4 Rd7 47.Rg6+ Kc7 48.Rc5+ Kb7 49.Rb5+ Kc7 50.Kg3 Rfd2
51.Rbg5 Ra2 52.Rxg7 a5 53.R7g6 Ra3 54.Ra6 Rdd3 55.Rg7+ Kb8 56.Rf7 a4 57.e5 Ra1
58.Kg4 a3 59.f4 a2 60.Rfa7 Rd2 61.Kf5 Rf2 62.e6 Raf1 63.Rxa2 Rxf4+ 64.Ke5 Rf5+
65.Kd6 Rd1+ 66.Ke7 Rh5 67.Ra8+ Kb7 68.Rf8 Re1 69.Rb2+ Kc7 70.Rc2+ Kb7 71.Rf3 Rh7+
72.Rf7 Rh6 73.Rf6 Rh7+ 74.Rf7 Rh6 75.Kf8+ Kb6 76.e7 Rh8+ 77.Kg7 Rh3 78.Rcf2 Kc6
79.R2f6+ Kd7 80.Ra6 Rg1+ 81.Rg6 Rxg6+ 82.Kxg6 Ke8 83.Rf8+ Kxe7 84.Rf7+ Ke6
85.Rf6+ Ke7 86.Rf7+  1/2-1/2

[Event "15th Ajuinentornooi 2013"]
[Site "Aalst BEL"]
[Date "2013.05.01"]
[Round "3.5"]
[White "Sterck,Arno"]
[Black "Van de Wynkele,E"]
[Result "0-1"]
[WhiteElo "1819"]
[BlackElo "2008"]

1.e4 d5 2.exd5 Qxd5 3.Nc3 Qd6 4.d4 Nf6 5.Nb5 Qd8 6.Bf4 Nd5 7.Qf3 c6 8.Bc4 Na6
9.Nc3 Nab4 10.O-O-O Nxf4 11.Qxf4 e6 12.a3 Nd5 13.Bxd5 cxd5 14.Qg3 Bd7 15.Nf3 Qa5
16.Ne5 Rc8 17.Rd3 f6 18.Nxd7 Kxd7 19.Re1 g6 20.Rde3 Rc6 21.Qg4 f5 22.Qe2 Bh6
23.g3 Bxe3+ 24.Qxe3 Rf8 25.Qe5 Rf7 26.Qb8 Rc7 27.Qg8 Re7 28.Re3 Rc8  0-1

[Event "ch-FRA Junior 2013"]
[Site "Saint-Paul-Trois-Chateaux FRA"]
[Date "2013.05.01"]
[Round "5.11"]
[White "Amoura,Yuba"]
[Black "Armas,Le"]
[Result "0-1"]
[WhiteElo "1721"]
[BlackElo "1903"]

1.e4 d5 2.exd5 Qxd5 3.Nc3 Qd6 4.d4 Nf6 5.Nf3 a6 6.Bc4 b5 7.Bd3 Bb7 8.O-O e6
9.Re1 Be7 10.Bg5 Nbd7 11.Qe2 c5 12.Bxf6 Nxf6 13.dxc5 Qxc5 14.Ne5 O-O 15.Rad1 Kh8
16.Kh1 Bd6 17.Nxf7+ Rxf7 18.Qxe6 Re7 19.Qh3 Rxe1+ 20.Rxe1 Qxf2 21.Rd1 Re8  0-1

[Event "Glenco IM 2013"]
[Site "Fredericia DEN"]
[Date "2013.05.02"]
[Round "2.2"]
[White "Westerinen,H"]
[Black "Fries Nielsen,JO"]
[Result "1/2-1/2"]
[WhiteElo "2335"]
[BlackElo "2383"]

1.e4 d5 2.exd5 Qxd5 3.Nc3 Qd8 4.d4 a6 5.Nf3 b5 6.g3 Bb7 7.Bg2 Nf6 8.O-O e6
9.Ne5 Bxg2 10.Kxg2 c5 11.Qf3 Ra7 12.dxc5 Bxc5 13.Bg5 Be7 14.Be3 Rc7 15.Bb6 Rxc3
16.Bxd8 Rxf3 17.Bxe7 Rf5 18.Bd6 Nbd7 19.Nd3 a5 20.Rfd1 g5 21.f3 h5 22.h3 g4
23.fxg4 hxg4 24.h4 Nd5 25.Re1 Rf3 26.Re2 Ne3+ 27.Kh2 Nf5 28.Bf4 Rh5 29.Rf2 Nd4
30.Rxf3 Nxf3+ 31.Kg2 Rd5 32.Nf2 f5 33.c3 Nf6 34.Rd1 e5 35.Rxd5 Nxd5 36.Bc1 e4
37.Kf1 Kf7 38.Ke2 Kg6 39.Be3 a4 40.Nd1 Kh5 41.b3 axb3 42.axb3 f4 43.Bxf4 Nxf4+
44.gxf4 g3 45.Ne3 Kxh4 46.Nf5+ Kg4 47.Nxg3 Kxf4 48.Nh5+ Ke5 49.Ke3 Nh2 50.Ng3 Ng4+
51.Kd2 Nf6 52.Ne2 Nd5  1/2-1/2